| 000 | 00978nam a22003017a 4500 | ||
|---|---|---|---|
| 003 | CHAP | ||
| 005 | 20220329134149.0 | ||
| 008 | 971013s r 00010 d | ||
| 010 | _a16382 | ||
| 011 | _a17354 | ||
| 035 | _a21437 | ||
| 040 | _cCHAP | ||
| 100 | 0 | 0 |
_aGuzmán Huerta, Gastón. _951965 |
| 245 | _aRegistros y especies nuevas de los hongos de Palenque, Chiapas | ||
| 500 | _aSobretiro de : Bol. Soc. Mex. Mic. 8:73-105. 1974 | ||
| 590 |
_aBATCH-UPD _b10 _c20130110 _lUCH01 _h0145 |
||
| 590 |
_aBATCH-UPD _b10 _c20130110 _lUCH01 _h1328 |
||
| 590 |
_aBATCH-UPD _b10 _c20130409 _lUCH01 _h2144 |
||
| 590 |
_aBATCH-UPD _b10 _c20130410 _lUCH01 _h0834 |
||
| 590 |
_aBATCH-UPD _b10 _c20130914 _lUCH01 _h1620 |
||
| 590 |
_aCONVERSION _b10 _c20130109 _lUCH01 _h1310 |
||
| 650 | 1 | 4 |
_aHongos _xChiapas. _956091 |
| 650 | 1 | 4 |
_aHongos _xColección y preservación. _956094 |
| 700 | 0 |
_aJohnson, Paul D. _961861 |
|
| 901 | _aBK | ||
| 942 | _cREIMP | ||
| 949 |
_bBC _cR _d-49969 _eTS1 _i21437 _si |
||
| 999 |
_c16382 _d16382 |
||